Undertale - All songs with the Enemy Approaching motif - Statistics

General Stats
  • This quiz has been taken 7 times
  • The average score is 7 of 9
Answer Stats
Answer % Correct
Enemy Approaching
100%
Stronger Monsters
100%
Bring It In, Guys!
86%
Anticipation
71%
Dogsong
71%
Temmie Village
71%
Tem Shop
71%
Amalgam
57%
Heartache
57%
No matching quizzes found
Score Distribution
Percent of People with Each Score
Percentile by Number Answered
Your Score History
You have not taken this quiz